000 00376nam a2200145 4500
001 122081
003 ES-MaACL
005 20230906191914.0
007 t|
008 070214s1964 sp r ||||1| cat d
245 0 0 _aPoemes.
260 _aBarcelona :
_bJoan Colomines i Puig,
_c1964.
300 _aXII p., 1 lám. :
_bil. ;
_c29 cm.
852 _aES-MaACL
_j2053-F-40
_bR.55871
999 _c122081
_d122081